Geomagnetic data 1971 (Record no. 4355)

MARC details
000 -LEADER
fixed length control field 00558nam a2200181Ia 4500
003 - CONTROL NUMBER IDENTIFIER
control field IN-BaIIA
008 - FIXED-LENGTH DATA ELEMENTS--GENERAL INFORMATION
fixed length control field 211028s9999 xx 000 0 eng d
040 ## - CATALOGING SOURCE
Transcribing agency IIA Library
080 ## - UNIVERSAL DECIMAL CLASSIFICATION NUMBER
Universal Decimal Classification number 083.550.38
Item number IAGA-32B
245 #0 - TITLE STATEMENT
Title Geomagnetic data 1971
Remainder of title indices, rapid variations, special intervals
Statement of responsibility, etc. edited by Van D. Sabben
260 ## - PUBLICATION, DISTRIBUTION, ETC.
Place of publication, distribution, etc. Paris
Name of publisher, distributor, etc. IUGG Publications
Date of publication, distribution, etc. 1972
300 ## - PHYSICAL DESCRIPTION
Extent xii, 105p.
490 ## - SERIES STATEMENT
Series statement IAGA Bulletin; no. 32 b
650 ## - SUBJECT ADDED ENTRY--TOPICAL TERM
Topical term or geographic name entry element Astronomy and astrophysics thesaurus
650 ## - SUBJECT ADDED ENTRY--TOPICAL TERM
Topical term or geographic name entry element Geomagnetism
700 ## - ADDED ENTRY--PERSONAL NAME
Personal name Van Sabben, D., ed.
9 (RLIN) 7641
942 ## - ADDED ENTRY ELEMENTS (KOHA)
Koha item type Books
952 ## - LOCATION AND ITEM INFORMATION (KOHA)
-- 7.20
Holdings
Withdrawn status Lost status Damaged status Not for loan Home library Current library Shelving location Date acquired Total Checkouts Full call number Barcode Date last seen Price effective from Koha item type
        IIA Library-Bangalore IIA Library-Bangalore General Stacks 23/02/1974   083.550.38/ IAGA-32B 4861 05/11/2021 23/02/1974 Books

Powered by Koha